00433nam a2200169Ia 4500008004100000020001400041245003000055245003500085245004400120260001500164260001600179260000900195300001600204300002500220300001000245500000800255170705s9999 xx 000 0 und d a439116759 aIt's heaven to be seven : b12 stories about being seven / cJudy Blume, Roald Dahl and four others. aNew York : bScholastic, c1993 a111 pages : bcolor illustration ; c19cm. a540